000 00531nam a22002057a 4500
003 koha_MIRAKIL
005 20231213100019.0
008 231213b |||||||| |||| 00| 0 ||| d
020 _b978-9-75499379-0
040 _aTR-IsEVY
_btur
_cTR-IsEVY
082 _a811.42 ŞİR/D
100 _aŞirin, Mustafa Ruhi.
245 0 _aDünya kardeş sobe
_bhayal mektuplar
250 _a3. bs.
260 _bKök Yayıncılık,
_c2012
300 _a72. s.
650 _aTürk şiiri.
650 _aTurkish poetry.
942 _2ddc
_cBK
999 _c13112
_d13112